Rice Krispies Around the World Quiz Stats

 Plays Quiz not verified by Sporcle

Score 0/10 Timer 03:00
0 Plays Today
% Correct
Snap!
89.6%
Pif!
76.1%
Pif!
76.1%
Piff!
76.1%
Knisper!
74.6%
Piff!
74.6%
Cric!
74.6%
Knap!
71.6%
Pim!
71.6%
Riks!
68.7%

You're not logged in!

Compare scores with friends on all Sporcle quizzes.
OR
Log In

Show Comments

Extras

Top Quizzes Today


Score Distribution

Your Account Isn't Verified!

In order to create a playlist on Sporcle, you need to verify the email address you used during registration. Go to your Sporcle Settings to finish the process.

Report this User

Report this user for behavior that violates our Community Guidelines.

Details: